书目信息 |
| 题名: |
儿童文学
|
|
| 作者: | 于虹 主编 | |
| 分册: | ||
| 出版信息: | 北京 人民教育出版社 2004 |
|
| 页数: | 408页 | |
| 开本: | 20cm | |
| 丛书名: | ||
| 单 册: | ||
| 中图分类: | I058 | |
| 科图分类: | ||
| 主题词: | 文学理论--各体 , 文学理论--各体 , 创作方法--各体 , 创作方法--各体 | |
| 电子资源: | ||
| ISBN: | 7-107-17716-8 | |
| 000 | 00797nam0 2200253 450 | |
| 001 | 0748635176 | |
| 005 | 20070727145043.04 | |
| 010 | @a7-107-17716-8@dCNY18.90 | |
| 100 | @a20070710d2004 km y0chiy0120 ea | |
| 101 | 0 | @achi |
| 102 | @aCN@b110000 | |
| 200 | 1 | @a儿童文学@Aer tong wen xue@f于虹主编@Fyu hong zhu bian |
| 210 | @a北京@c人民教育出版社@d2004@h2006 | |
| 215 | @a408页@d20cm | |
| 300 | @a大学本科小学教育专业教材 | |
| 330 | @a本书从本质论、发展论的角度讲述了儿童文学的基本特征与基本理论,并从体裁论的角度对儿歌、童话、小说等各种作品形式进行了介绍。 | |
| 606 | 0 | @a文学理论@x各体 |
| 606 | 0 | @a文学理论@x各体 |
| 606 | 0 | @a创作方法@x各体 |
| 606 | 0 | @a创作方法@x各体 |
| 690 | @aI058@v3 | |
| 701 | 0 | @a于虹@Ayu hong@4主编 |
| 801 | 0 | @aCN@bPFT@c20070727 |
| 905 | @a10447@dI058@e169 | |
| 儿童文学/于虹主编.-北京:人民教育出版社,2004(2006) |
| 408页;20cm |
| 大学本科小学教育专业教材 |
| ISBN 7-107-17716-8:CNY18.90 |
| 本书从本质论、发展论的角度讲述了儿童文学的基本特征与基本理论,并从体裁论的角度对儿歌、童话、小说等各种作品形式进行了介绍。 |
| ● |
| 相关链接 |
|
|
|
|
正题名:儿童文学
索取号:I058/169
 
预约/预借
| 序号 | 登录号 | 条形码 | 馆藏地/架位号 | 状态 | 备注 |
| 1 | 0773350 | 207733504 | 第一样本阅览室/ [索取号:I058/169] | 在馆 | |
| 2 | 0773351 | 207733513 | 密集书库/ [索取号:I058/169] | 在馆 | |
| 3 | 0773352 | 207733522 | 密集书库/ [索取号:I058/169] | 在馆 | |
| 4 | 0773353 | 207733531 | 密集书库/ [索取号:I058/169] | 在馆 | |
| 5 | 0773354 | 207733540 | 密集书库/ [索取号:I058/169] | 在馆 | |
| 6 | 0773355 | 207733559 | 库房3/ [索取号:I058/169] | 在馆 | |
| 7 | 0773356 | 207733568 | 库房3/ [索取号:I058/169] | 在馆 | |
| 8 | 0773357 | 207733577 | 库房3/ [索取号:I058/169] | 在馆 | |
| 9 | 0773358 | 207733586 | 库房3/ [索取号:I058/169] | 在馆 | |
| 10 | 0773359 | 207733595 | 库房3/ [索取号:I058/169] | 在馆 | |
| 11 | 0773360 | 207733602 | 库房3/ [索取号:I058/169] | 在馆 | |
| 12 | 0773361 | 207733611 | 库房3/ [索取号:I058/169] | 在馆 | |
| 13 | 0787924 | 207879241 | 密集书库/ [索取号:I058/169] | 在馆 | |
| 14 | 0788288 | 207882889 | 密集书库/ [索取号:I058/169] | 在馆 |